|
|
|
|
| LEADER |
00000nam0a2200000 4500 |
| 001 |
113788 |
| 005 |
20231101215142.0 |
| 010 |
|
|
|a 5851770392
|
| 035 |
|
|
|a (RuTPU)RU\TPU\book\123050
|
| 090 |
|
|
|a 113788
|
| 100 |
|
|
|a 20070416d2004 km y0rusy50 ca
|
| 101 |
0 |
|
|a rus
|
| 102 |
|
|
|a RU
|
| 105 |
|
|
|a a z 001zy
|
| 200 |
1 |
|
|a Контроллинг как инструмент управления предприятием
|f под ред. Н. Г. Данилочкиной
|
| 210 |
|
|
|a Москва
|c ЮНИТИ-ДАНА
|d 2004
|
| 215 |
|
|
|a 280 с.
|c ил.
|
| 320 |
|
|
|a Библиогр.: с. 276-277.
|
| 330 |
|
|
|a Книга посвящена контроллингу — современной концепции управления деятельностью предприятия, координирующей и интегрирующей усилия различных служб и подразделений по достижению поставленных целей. Большое внимание уделено управлению прибылью предприятия, а также способам избежания банкротства и кризисных ситуаций. Рассмотрен весь комплекс вопросов, связанных с процессом реализации целей предприятия: планирование, разработка бюджетов, управленческий учет, анализ и контроль отклонений фактических результатов деятельности от плановых, выработка оптимальных управленческих решений. Для руководителей предприятий, сотрудников финансово-экономических служб предприятий, банков, инвестиционных компаний, а также для специалистов, аспирантов и студентов, изучающих экономику и менеджмент.
|
| 606 |
1 |
|
|a Предприятия
|x Экономика
|x Управление
|2 stltpush
|3 (RuTPU)RU\TPU\subj\36690
|9 57983
|
| 610 |
1 |
|
|a экономика
|
| 610 |
1 |
|
|a предприятия
|
| 610 |
1 |
|
|a управление
|
| 610 |
1 |
|
|a контроллинг
|
| 610 |
1 |
|
|a управленческий учет
|
| 610 |
1 |
|
|a бюджетирование
|
| 610 |
1 |
|
|a экономические расчеты
|
| 610 |
1 |
|
|a финансово-хозяйственное состояние
|
| 610 |
1 |
|
|a экспертная диагностика
|
| 610 |
1 |
|
|a управленческие решения
|
| 686 |
|
|
|a У9(2)29-2
|v LBC/SL-A
|2 rubbk
|
| 702 |
|
1 |
|a Данилочкина
|b Н. Г.
|g Надежда Григорьевна
|4 340
|
| 801 |
|
1 |
|a RU
|b 63413507
|c 20070416
|g PSBO
|
| 801 |
|
2 |
|a RU
|b 63413507
|c 20210922
|g PSBO
|
| 942 |
|
|
|c BK
|
| 959 |
|
|
|a 29/20070323
|d 1
|e 95,00
|f ЧЗГЛ:1
|